| 000 | 00447nam a2200181Ia 4500 | ||
|---|---|---|---|
| 005 | 20231118093547.0 | ||
| 008 | 131103s9999 xx 000 0 und d | ||
| 040 | _aLoreto College | ||
| 041 | _aEnglish | ||
| 082 |
_aF _bWAL |
||
| 100 | _aWalsh,Thomas | ||
| 245 | 4 |
_aThe eye of the needle _cThomas Walsh |
|
| 260 |
_aHarmondsworth _bPenguin Books _c1961 |
||
| 300 | _a201 p. | ||
| 650 | _aFiction in English | ||
| 850 | _aLCLIB | ||
| 942 | _cBK | ||
| 999 |
_c14315 _d64794 |
||